000 00947cam a2200289 i 4500
001 2726336
005 20200421093822.0
008 770823s1959 enk 000 1 eng
010 _a 77366967
015 _aGB***
020 _a071451053X :
_c£3.50
040 _aDLC
_cDLC
_dDLC
041 1 _aeng
_hfre
050 0 0 _aPZ3.B38868
_bMq 1976
_aPQ2603.E378
082 0 0 _a843/.9/14
100 1 _aBeckett, Samuel,
_d1906-1989.
240 1 0 _aMolloy.
_lEnglish
245 1 0 _aMolloy ;
_bMalone dies ; The unnamable /
_cSamuel Beckett.
260 _aLondon :
_bCalder,
_c1959, 1976 printing.
300 _a418 p. ;
_c20 cm.
500 _aTranslations from the French of Molloy, Malone meurt and L'innommable.
700 1 2 _aBeckett, Samuel,
_d1906-1989.
_tMalone meurt.
_lEnglish.
_9370
700 1 2 _aBeckett, Samuel,
_d1906-1989.
_tInnommable.
_lEnglish.
_9371
906 _a7
_bcbc
_corignew
_d2
_encip
_f19
_gy-gencatlg
942 _2ddc
_cBK
999 _c196
_d196